Biggest Towns and Cities in the Northwest of England - Statistics

General Stats
  • This quiz has been taken 33 times
  • The average score is 13 of 20
Answer Stats
Population First Letter Town/City % Correct
470,411 M Manchester
100%
506,552 L Liverpool
97%
149,056 B Blackpool
87%
184,073 B Bolton
87%
78,117 B Burnley
83%
124,983 B Blackburn
80%
92,742 C Chester
80%
81,557 W Wigan
77%
94,508 P Preston
70%
108,409 S Salford
70%
174,954 W Warrington
67%
110,718 O Oldham
63%
117,941 S Stockport
63%
109,848 B Birkenhead
57%
111,261 R Rochdale
57%
94,421 S Southport
57%
107,677 S St Helens
53%
81,101 B Bury
50%
85,611 W Wallasey
20%
97,635 W Wythenshawe
10%
No matching quizzes found
Score Distribution
Percent of People with Each Score
Percentile by Number Answered
Your Score History
You have not taken this quiz